000 00936cam a2200277 a 4500
001 26122
003 BD-RjUL
005 20211209050956.0
008 140320s1831 nyua 000 0beng d
035 _a(BD-RjUL) 26192
040 _aDLC
_cDLC
_beng
_dBD-RjUL
041 _aeng
051 _aThacher FR77 Copy 1
_cImperfect: v. 2-4 wanting.
082 _a923.144
_bBOM V-1
100 1 _aBourrienne, Louis Antoine Fauvelet de,
_d1769-1834.
_980085
245 1 0 _aMemoirs of Napoleon Bonaparte /
_cby Louis Antoine Fauvelet de Bourrienne
_nVolume I
260 _aNew York :
_bCharles Scribner's Sons,
_c1831.
300 _a283p :
_bill. ;
_c20 cm.
510 4 _aThacher,
_cII, p. 12 (French Revolution)
600 0 0 _aNapoleon
_cEmperor of the French,
_d1769-1821.
_980294
651 0 _aFrance
_xHistory
_y1789-1815.
_980087
700 1 _aMemes, John S
_980282
942 _2ddc
_cBK
999 _c26122
_d26122